000 00459nam a22001577a 4500
003 macl
005 20170104150950.0
008 170104b xxu||||| |||| 00| 0 eng d
040 _cmacl
082 _a400
100 _aएन सी आर टी
_966391
245 _aवंसत भाग 1
_bकक्षा 6
260 _aदिल्‍ली
_bएन सी आर टी
_c2006
650 _aहिंदी भाषा
_966392
942 _2ddc
_cHIN
999 _c55696
_d55696